Geometrical aspects of functional analysis : Israel seminar, 1985-86

Αποθηκεύτηκε σε:
Λεπτομέρειες βιβλιογραφικής εγγραφής
Συγγραφή απο Οργανισμό/Αρχή: Israel Seminar on Geometrical Aspects of Functional Analysis Tel Aviv University
Άλλοι συγγραφείς: Milman, Vitali D., 1939- (Επιμελητής έκδοσης), Lindenstrauss, Joram, 1936-2012 (Επιμελητής έκδοσης)
Μορφή: Πρακτικό Συνεδρίου Βιβλίο
Γλώσσα:English
Δημοσίευση: Berlin : New York : Springer-Verlag, c1987
Σειρά:Lecture notes in mathematics (Springer-Verlag) ; 1267
Θέματα:
Ετικέτες: Προσθήκη ετικέτας
Δεν υπάρχουν, Καταχωρήστε ετικέτα πρώτοι!

MARC

LEADER 00000cam a2200000 i 4500
001 1/27246
008 941103s1987 eng d
020 |a 3540181032 
020 |a 0387181032 
035 |l 10037779 
035 |a 1993 
040 |a GR-MY-UA  |b gre  |e aacr 
041 0 |a eng 
082 0 |a 515.732  |2 (19) 
111 2 |a Israel Seminar on Geometrical Aspects of Functional Analysis   |d (1985-1986 :   |c Tel Aviv University) 
245 1 0 |a Geometrical aspects of functional analysis :  |b Israel seminar, 1985-86 /  |c J. Lindenstrauss, V.D. Milman (eds.) 
260 |a Berlin :   |a New York :   |b Springer-Verlag,   |c c1987 
300 |a 212 p.;  |c 25 cm 
490 1 |a Lecture notes in mathematics (Springer-Verlag)  |v ; 1267 
500 |a "Proceedings of the Israel Seminar on the Geometric Aspects of Functional Analysis which was held between October 1985 and June 1986"--Foreword 
504 |a Includes bibliographical references 
650 0 0 |a Banach spaces  |x Congresses. 
650 0 0 |a Functional analysis  |x Congresses. 
650 0 0 |a Geometry  |x Congresses. 
700 1 |a Milman, Vitali D.,   |d 1939-  |e edt 
700 1 |a Lindenstrauss, Joram,   |d 1936-2012,  |e edt 
830 0 |a Lecture notes in mathematics (Springer-Verlag)  |v ; 1267 
852 |a INST  |b SAMOS  |e 19941103  |h 515.732 ISR  |p 005300007747  |q 005300007747  |t BK  |y 4  |x 20210906 
909 |a Σ  |b 029137